[Event "Scarborough CC Falling Leaves U1700"]
[Site "Toronto CAN"]
[Date "2010.12.02"]
[Round "6"]
[White "Gandhi, Vishwa"]
[Black "Roy, Harrison"]
[Result "1-0"]
[WhiteElo "962"]
[BlackElo "954"]
[PlyCount "37"]
[EventDate "2010.10.28"]
[EventType "swiss"]
[EventRounds "7"]
[EventCountry "CAN"]

1. d4 d5 2. Nc3 Nc6 3. Nf3 Bg4 4. Bf4 Bxf3 5. exf3 e6 6. Nb5 Bd6 7. Bxd6 cxd6
8. Na3 Nf6 9. f4 O-O 10. Bd3 Qb6 11. c3 Qxb2 12. Nb5 Ng4 13. O-O a6 14. Nc7
Rac8 15. Qxg4 Rxc7 16. Rab1 Qxc3 17. Qh3 h6 18. Bh7+ Kxh7 19. Qxc3 1-0

[Event "Scarborough CC Falling Leaves U1700"]
[Site "Toronto CAN"]
[Date "2010.12.02"]
[Round "6"]
[White "Graham, John"]
[Black "Liang, Phillip"]
[Result "0-1"]
[WhiteElo "1485"]
[BlackElo "1103"]
[PlyCount "46"]
[EventDate "2010.10.28"]
[EventType "swiss"]
[EventRounds "7"]
[EventCountry "CAN"]

1. e4 e5 2. Nf3 Nc6 3. Nc3 Nf6 4. a3 d5 5. exd5 Nxd5 6. Ne4 Bf5 7. Ng3 Bg6 8.
Bb5 Bd6 9. d4 e4 10. Ne5 Bxe5 11. dxe5 O-O 12. Bxc6 bxc6 13. O-O Re8 14. c4 Nb6
15. c5 Nd5 16. Qa4 Rxe5 17. Rd1 Qf6 18. b4 Re6 19. Qc2 e3 20. Qc4 Qxf2+ 21. Kh1
e2 22. Nxe2 Rxe2 23. Rg1 Be4 0-1

[Event "Scarborough CC Falling Leaves U1700"]
[Site "Toronto CAN"]
[Date "2010.12.02"]
[Round "6"]
[White "Liu, Peter"]
[Black "Aghamalian, Leonid"]
[Result "1/2-1/2"]
[WhiteElo "1253"]
[BlackElo "1414"]
[PlyCount "64"]
[EventDate "2010.10.28"]
[EventType "swiss"]
[EventRounds "7"]
[EventCountry "CAN"]

1. e4 e5 2. Nf3 Nc6 3. Bb5 a6 4. Ba4 Nf6 5. O-O Be7 6. Re1 b5 7. Bb3 O-O 8. c3
Bb7 9. Bc2 Re8 10. d4 Bf8 11. d5 Na5 12. Bg5 c6 13. b4 Nc4 14. Nbd2 Nxd2 15.
Qxd2 cxd5 16. exd5 d6 17. Qd3 e4 18. Rxe4 Rxe4 19. Bxf6 Qxf6 20. Qxe4 g6 21.
Qd4 Qxd4 22. Nxd4 Bxd5 23. Bb3 Bb7 24. Re1 Rc8 25. Re3 Bg7 26. Re7 Bxd4 27.
Bxf7+ Kf8 28. Rxb7 Bxc3 29. Be6 Re8 30. Rf7+ Kg8 31. Re7+ Kf8 32. Rf7+ Kg8
1/2-1/2

[Event "Scarborough CC Falling Leaves U1700"]
[Site "Toronto CAN"]
[Date "2010.12.02"]
[Round "6"]
[White "Moffat, Anthony"]
[Black "Roy, Lawrence"]
[Result "0-1"]
[WhiteElo "1308"]
[BlackElo "874"]
[PlyCount "71"]
[EventDate "2010.10.28"]
[EventType "swiss"]
[EventRounds "7"]
[EventCountry "CAN"]

1. e4 e5 2. Nf3 Nf6 3. Nc3 Bb4 4. Bc4 Bxc3 5. bxc3 Nc6 6. Qe2 O-O 7. d4 d6 8.
Ba3 Re8 9. Rd1 Bd7 10. Ng5 Re7 11. Bc1 h6 12. Nf3 Bg4 13. h3 Bxf3 14. Qxf3 exd4
15. cxd4 Nxe4 16. Be3 d5 17. Bb3 Nb4 18. a3 Nc6 19. c4 Nf6 20. cxd5 Na5 21. O-O
Nxb3 22. Qg3 Nh5 23. Qf3 Rd7 24. Qxh5 Rxd5 25. Qg4 Rd6 26. Rfe1 c5 27. dxc5
Rxd1 28. Rxd1 Qf6 29. Rb1 Na5 30. Bd4 Qg6 31. Qd1 Rd8 32. Rb4 Nc6 33. Ra4 b5
34. cxb6 axb6 35. Qb3 Nxd4 36. Qxb6 0-1

[Event "Scarborough CC Falling Leaves U1700"]
[Site "Toronto CAN"]
[Date "2010.12.02"]
[Round "6"]
[White "Philip, Andrew"]
[Black "Zhang, John"]
[Result "1-0"]
[WhiteElo "1593"]
[BlackElo "1557"]
[PlyCount "101"]
[EventDate "2010.10.28"]
[EventType "swiss"]
[EventRounds "7"]
[EventCountry "CAN"]

1. d4 Nf6 2. Bg5 g6 3. Bxf6 exf6 4. e3 Bg7 5. c4 O-O 6. Nc3 d6 7. Bd3 Nc6 8. a3
Re8 9. Nge2 a5 10. Qc2 f5 11. O-O-O Qg5 12. Kb1 Qxg2 13. Nf4 Qg5 14. Nfd5 Qd8
15. h4 Be6 16. h5 Bxd4 17. exd4 Nxd4 18. Qd2 c6 19. Qh6 cxd5 20. cxd5 g5 21.
Rde1 Nf3 22. Re3 Ne5 23. Rg1 f6 24. dxe6 Nxd3 25. Rxd3 Rxe6 26. Rxg5+ fxg5 27.
Qxe6+ Kh8 28. Rxd6 Qf8 29. h6 Re8 30. Qf6+ Qxf6 31. Rxf6 f4 32. Rf5 Rg8 33. Ne4
Rg6 34. Rf8+ Rg8 35. Rxg8+ Kxg8 36. Nxg5 b5 37. Kc2 Kh8 38. Kc3 Kg8 39. b4 a4
40. Kd4 Kh8 41. Kc5 Kg8 42. Kxb5 Kf8 43. Kc6 Ke7 44. b5 f3 45. b6 Kf6 46. Nxh7+
Kf7 47. b7 Ke7 48. b8=Q Kf7 49. Qd6 Kg8 50. Ng5 Kh8 51. Qf8# 1-0

[Event "Scarborough CC Falling Leaves U1700"]
[Site "Toronto CAN"]
[Date "2010.12.02"]
[Round "6"]
[White "Rodriguez, Sergio"]
[Black "Yie, Kevin"]
[Result "1/2-1/2"]
[WhiteElo "847"]
[BlackElo "1263"]
[PlyCount "120"]
[EventDate "2010.10.28"]
[EventType "swiss"]
[EventRounds "7"]
[EventCountry "CAN"]

1. e4 e5 2. Nf3 Nc6 3. Nc3 Nf6 4. Bb5 a6 5. Bxc6 dxc6 6. d3 Bc5 7. O-O Qe7 8.
a3 Bg4 9. b4 Ba7 10. h3 Bh5 11. Be3 Bxe3 12. fxe3 O-O-O 13. d4 exd4 14. exd4
Nxe4 15. Re1 Nxc3 16. Qd3 Qd7 17. Qxc3 Bxf3 18. Qxf3 Qxd4+ 19. Kh1 f6 20. c3
Qd3 21. Qg4+ Qd7 22. Re6 Rhf8 23. Kh2 f5 24. Qc4 Qf7 25. a4 Rd5 26. Rae1 f4 27.
Re7 Qg6 28. Qa2 Rfd8 29. Qf2 Rd2 30. R1e2 Rxe2 31. Rxe2 Qg3+ 32. Qxg3 fxg3+ 33.
Kxg3 Rd3+ 34. Kf2 Rxc3 35. Re7 Rc4 36. b5 Rxa4 37. bxc6 bxc6 38. Rxg7 Rh4 39.
Kg3 Rh6 40. Kh2 Kb7 41. g4 Kb6 42. Kg3 a5 43. Re7 c5 44. g5 Rg6 45. Kg4 h6 46.
h4 hxg5 47. h5 Rd6 48. Rg7 Kb5 49. Rg6 Rd4+ 50. Kxg5 Rd5+ 51. Kh4 Rxh5+ 52.
Kxh5 Kb4 53. Rg4+ c4 54. Kh4 a4 55. Kg3 a3 56. Kf3 a2 57. Rg1 Kb3 58. Ke3 Kb2
59. Rg2+ Kb3 60. Rg1 c3 1/2-1/2

[Event "Scarborough CC Falling Leaves U1700"]
[Site "Toronto CAN"]
[Date "2010.12.02"]
[Round "6"]
[White "Spiliotopoulos, Yakos"]
[Black "Smith, Maurice"]
[Result "1-0"]
[WhiteElo "1467"]
[BlackElo "1563"]
[PlyCount "67"]
[EventDate "2010.10.28"]
[EventType "swiss"]
[EventRounds "7"]
[EventCountry "CAN"]

1. e4 d6 2. d4 Nf6 3. Nc3 g6 4. f3 Bg7 5. Be3 c6 6. Qd2 a6 7. Bc4 b5 8. Bb3 Bb7
9. Nh3 O-O 10. O-O-O Nbd7 11. g4 c5 12. dxc5 Nxc5 13. Bh6 Nxb3+ 14. cxb3 Rc8
15. Bxg7 Kxg7 16. Kb1 Qb6 17. Nf2 b4 18. Na4 Qb5 19. h4 h5 20. gxh5 Nxh5 21.
Ng4 Rh8 22. Qd4+ f6 23. Nb6 Rc5 24. Nd5 Bxd5 25. exd5 Qb7 26. f4 Ng3 27. Rh2
Nf5 28. Qe4 Nxh4 29. Ne3 Rcc8 30. Rdh1 Nf5 31. Nxf5+ gxf5 32. Rg1+ Kf8 33.
Rxh8+ Kf7 34. Qe6# 1-0

[Event "Scarborough CC Falling Leaves U1700"]
[Site "Toronto CAN"]
[Date "2010.12.02"]
[Round "6"]
[White "Teram, Eli"]
[Black "Lin, Benjamin"]
[Result "1-0"]
[WhiteElo "1311"]
[BlackElo "1085"]
[PlyCount "75"]
[EventDate "2010.10.28"]
[EventType "swiss"]
[EventRounds "7"]
[EventCountry "CAN"]

1. e4 e5 2. Nf3 Nc6 3. Bc4 Bc5 4. Nc3 Nf6 5. d3 h6 6. O-O O-O 7. a3 d6 8. h3 a6
9. b4 Ba7 10. b5 Nd4 11. a4 a5 12. Nd5 Nxd5 13. Bxd5 Qf6 14. Nh2 Qg6 15. Kh1
Rb8 16. c3 Ne6 17. Nf3 Bd7 18. Rb1 Nf4 19. Nh4 Qg5 20. Bxf4 Qxf4 21. Ng6 Qf6
22. Nxf8 Kxf8 23. Qh5 Kg8 24. Rfd1 c6 25. bxc6 bxc6 26. Bc4 Be6 27. Bxe6 Qxe6
28. d4 c5 29. Rd3 Qc4 30. Rbd1 exd4 31. cxd4 Rb1 32. Rxb1 Qxd3 33. Rb7 Qxd4 34.
Qxf7+ Kh7 35. Rxa7 Qd1+ 36. Kh2 Qd4 37. Qf5+ Kg8 38. Ra8# 1-0

[Event "Scarborough CC Falling Leaves U1700"]
[Site "Toronto CAN"]
[Date "2010.12.02"]
[Round "6"]
[White "Thanabalachandran, Luxiga"]
[Black "Vyravanathan, Sobiga"]
[Result "0-1"]
[WhiteElo "679"]
[BlackElo "1280"]
[PlyCount "96"]
[EventDate "2010.10.28"]
[EventType "swiss"]
[EventRounds "7"]
[EventCountry "CAN"]

1. e4 c5 2. Nf3 Nc6 3. d4 cxd4 4. Nxd4 Nf6 5. Nc3 d6 6. Bf4 Nxd4 7. Qxd4 e5 8.
Qa4+ Bd7 9. Qb3 exf4 10. Qxb7 Rb8 11. Qxa7 Rxb2 12. Rc1 Qc8 13. Nd5 Nxd5 14.
exd5 Rxc2 15. Rxc2 Qxc2 16. Qb8+ Qc8 17. Qxc8+ Bxc8 18. Bb5+ Bd7 19. Bd3 Be7
20. a3 O-O 21. g3 f3 22. Be4 Rc8 23. Kd2 Bg5+ 24. Kd3 g6 25. Bxf3 Bf6 26. Bd1
Rc3+ 27. Ke2 Bg4+ 28. Kd2 Bxd1 29. Rxd1 Rxa3 30. Kc2 Ra2+ 31. Kb3 Rxf2 32. h4
Rf3+ 33. Kb4 Rxg3 34. Kb5 Rb3+ 35. Kc6 Be5 36. Ra1 Bxa1 37. Kxd6 Rd3 38. Kc6
Be5 39. Kc5 f5 40. Kc4 Rd1 41. Kc5 f4 42. Kc6 f3 43. h5 gxh5 44. Kc5 f2 45. Kc6
f1=Q 46. Kc5 Rc1+ 47. Kb4 Qc4+ 48. Ka3 Ra1# 0-1

[Event "Scarborough CC Falling Leaves U1700"]
[Site "Toronto CAN"]
[Date "2010.12.02"]
[Round "6"]
[White "Xiao, Jerry"]
[Black "Patel, Saiyam"]
[Result "0-1"]
[WhiteElo "888"]
[BlackElo "953"]
[PlyCount "70"]
[EventDate "2010.10.28"]
[EventType "swiss"]
[EventRounds "7"]
[EventCountry "CAN"]

1. e4 e6 2. d4 Bb4+ 3. c3 Bf8 4. d5 exd5 5. exd5 Nf6 6. Bc4 d6 7. Bg5 h6 8.
Bb5+ c6 9. Qe2+ Be7 10. dxc6 Nd5 11. Bxe7 Nxe7 12. cxb7+ Nd7 13. bxa8=Q O-O 14.
Qee4 d5 15. Qf4 g5 16. Qg4 Nb6 17. Qxa7 Bxg4 18. f3 Qd6 19. a4 Bf5 20. a5 Nbc8
21. Qd4 Bg6 22. a6 Qe6+ 23. Ne2 Nf5 24. Qc5 Qe3 25. Qc7 Re8 26. Bxe8 Qxe8 27.
a7 Nxa7 28. Rxa7 Ng7 29. O-O Qxe2 30. Qc8+ Ne8 31. b4 h5 32. h3 g4 33. hxg4
hxg4 34. fxg4 Be4 35. Raxf7 Qxg2# 0-1

[Event "Scarborough CC Falling Leaves U1700"]
[Site "Toronto CAN"]
[Date "2010.12.09"]
[Round "7"]
[White "Aghamalian, Leonid"]
[Black "Aghamalian, Derick"]
[Result "1-0"]
[WhiteElo "1414"]
[BlackElo "1464"]
[PlyCount "109"]
[EventDate "2010.10.28"]
[EventType "swiss"]
[EventRounds "7"]
[EventCountry "CAN"]

1. d4 d5 2. c4 e6 3. Nc3 Nf6 4. Bg5 Be7 5. e3 Nbd7 6. Nf3 c6 7. Be2 dxc4 8.
Bxc4 c5 9. O-O O-O 10. Rc1 b6 11. Qd3 cxd4 12. Nxd4 Ne5 13. Qe2 Nxc4 14. Qxc4
Bb7 15. Nc6 Bxc6 16. Qxc6 Rc8 17. Qa4 Qc7 18. Ne2 Qb7 19. Rfd1 Rfd8 20. Nd4 h6
21. Bh4 Kf8 22. Nb5 Rxc1 23. Rxc1 Qd7 24. h3 a5 25. Nc3 Qxa4 26. Nxa4 b5 27.
Nc3 b4 28. Na4 Ke8 29. Kf1 Bd6 30. Bxf6 gxf6 31. b3 Be7 32. Ke2 f5 33. Rc7 Rd7
34. Rc8+ Bd8 35. Nc5 Rc7 36. Rxc7 Bxc7 37. Kd3 Ke7 38. Kc4 Kd6 39. Kb5 Kd5 40.
Nb7 f4 41. exf4 Kd4 42. Nxa5 Bxa5 43. Kxa5 Kc3 44. Kb5 h5 45. g4 h4 46. g5 e5
47. fxe5 Kd4 48. g6 fxg6 49. e6 Kc3 50. e7 Kb2 51. e8=Q Kxa2 52. Kxb4 g5 53.
Qe2+ Kb1 54. Kc3 Kc1 55. Qc2# 1-0

[Event "Scarborough CC Falling Leaves U1700"]
[Site "Toronto CAN"]
[Date "2010.12.09"]
[Round "7"]
[White "Karpik, Steve"]
[Black "Smith, Maurice"]
[Result "1-0"]
[WhiteElo "1594"]
[BlackElo "1563"]
[PlyCount "45"]
[EventDate "2010.10.28"]
[EventType "swiss"]
[EventRounds "7"]
[EventCountry "CAN"]

1. Nf3 d5 2. c4 c6 3. b3 Nf6 4. Bb2 g6 5. g3 Bg7 6. Bg2 O-O 7. O-O Bf5 8. d3
Nbd7 9. Qd2 Re8 10. Nd4 Be6 11. Nxe6 fxe6 12. Nc3 Rf8 13. Rad1 Qc7 14. Rc1 d4
15. Ne4 Nxe4 16. Bxe4 e5 17. b4 Rad8 18. c5 Nf6 19. Bg2 Ng4 20. Qd1 Qd7 21. Bh3
Nxf2 22. Qb3+ Qd5 23. Be6+ 1-0

[Event "Scarborough CC Falling Leaves U1700"]
[Site "Toronto CAN"]
[Date "2010.12.09"]
[Round "7"]
[White "Philip, Andrew"]
[Black "Spiliotopoulos, Yakos"]
[Result "0-1"]
[WhiteElo "1593"]
[BlackElo "1467"]
[PlyCount "62"]
[EventDate "2010.10.28"]
[EventType "swiss"]
[EventRounds "7"]
[EventCountry "CAN"]

1. d4 Nf6 2. Bg5 e6 3. e3 Be7 4. Bd3 c5 5. c3 cxd4 6. exd4 Nc6 7. Nf3 a6 8. Qc2
h6 9. Bh4 b5 10. O-O Bb7 11. Nbd2 Rc8 12. Qd1 d6 13. Re1 g5 14. Bxg5 hxg5 15.
Nxg5 Nd5 16. Rxe6 Kd7 17. Nxf7 Qg8 18. Bf5 Kc7 19. Nxh8 Nf4 20. Rg6 Qxh8 21.
Rg4 Nd5 22. Bxc8 Kxc8 23. Qe2 Nf6 24. Rg3 Bd8 25. Qe6+ Kb8 26. Re1 d5 27. Nf3
Bc8 28. Qxc6 Ne4 29. Rxe4 dxe4 30. Qxe4 Bc7 31. Ne5 Qh6 0-1

[Event "Scarborough CC Falling Leaves U1700"]
[Site "Toronto CAN"]
[Date "2010.12.09"]
[Round "7"]
[White "Roy, Harrison"]
[Black "Xiao, Jerry"]
[Result "1/2-1/2"]
[WhiteElo "954"]
[BlackElo "888"]
[PlyCount "130"]
[EventDate "2010.10.28"]
[EventType "swiss"]
[EventRounds "7"]
[EventCountry "CAN"]

1. e4 e5 2. Nf3 d6 3. Nc3 f5 4. d3 Nf6 5. Bg5 Be7 6. Bxf6 Bxf6 7. Nd5 O-O 8.
Be2 c6 9. Nxf6+ Qxf6 10. O-O d5 11. exd5 e4 12. dxe4 fxe4 13. Ne1 cxd5 14.
Qxd5+ Be6 15. Qxe4 Nc6 16. b3 Qxa1 17. Qxe6+ Rf7 18. Bc4 Nd8 19. Nd3 Nxe6 20.
Rxa1 Rf6 21. Re1 Raf8 22. Bxe6+ Kh8 23. Bd5 b5 24. Rf1 g5 25. Nc5 Rd8 26. Ne4
Rf5 27. Be6 Re5 28. f3 Rxe6 29. Nxg5 Rf6 30. Ne4 Rf4 31. Ng5 Rg8 32. g3 Rf6 33.
Rc1 Rxg5 34. c4 Rxf3 35. c5 h5 36. c6 h4 37. c7 hxg3 38. c8=Q+ Kh7 39. Rc7+ Kh6
40. Qh8+ Kg6 41. Rg7+ Kf5 42. Rxg5+ Kxg5 43. hxg3 Rxg3+ 44. Kh2 Re3 45. Kg2
Re2+ 46. Kf3 Rxa2 47. b4 Ra6 48. Qe5+ Kg6 49. Qxb5 Rf6+ 50. Ke3 a6 51. Qd3+ Kg7
52. Qd4 Kg6 53. Qc5 Rf5 54. Qb6+ Rf6 55. Qa5 Re6+ 56. Kd4 Kf7 57. b5 axb5 58.
Qxb5 Rd6+ 59. Ke3 Ke6 60. Kf4 Rd5 61. Qe2+ Kd6 62. Qe4 Kc5 63. Qe3+ Rd4+ 64.
Kf5 Kd5 65. Qe5+ Kc4 1/2-1/2

[Event "Scarborough CC Falling Leaves U1700"]
[Site "Toronto CAN"]
[Date "2010.12.09"]
[Round "7"]
[White "Super, Russell"]
[Black "Liang, Phillip"]
[Result "1-0"]
[WhiteElo "1457"]
[BlackElo "1103"]
[PlyCount "67"]
[EventDate "2010.10.28"]
[EventType "swiss"]
[EventRounds "7"]
[EventCountry "CAN"]

1. e4 e5 2. Nf3 Nc6 3. Bb5 a6 4. Ba4 Nf6 5. O-O b5 6. Bb3 Bc5 7. d3 h6 8. h3
O-O 9. Re1 d6 10. a3 Ne7 11. Nc3 Kh8 12. Be3 Bxe3 13. Rxe3 Ng6 14. Qd2 Nf4 15.
Kh2 c6 16. d4 exd4 17. Nxd4 Qd7 18. Rd1 Rd8 19. Nde2 Ng6 20. Rd3 Ne8 21. Qf4
Nxf4 22. Nxf4 g5 23. Nh5 Qe7 24. f4 gxf4 25. Nxf4 Qg5 26. Rf1 f5 27. Rg3 Qf6
28. Ng6+ Kh7 29. Ne2 Ra7 30. Nef4 fxe4 31. Kg1 Qd4+ 32. Kh1 Re7 33. Nf8+ Kh8
34. Rg8# 1-0

[Event "Scarborough CC Falling Leaves U1700"]
[Site "Toronto CAN"]
[Date "2010.12.09"]
[Round "7"]
[White "Termeer, Ted"]
[Black "Pishdad, Hassan"]
[Result "1-0"]
[WhiteElo "1460"]
[BlackElo "1236"]
[PlyCount "71"]
[EventDate "2010.10.28"]
[EventType "swiss"]
[EventRounds "7"]
[EventCountry "CAN"]

1. Nf3 d5 2. d4 Nf6 3. e3 e6 4. a3 c5 5. c3 Bd7 6. Ne5 Bd6 7. Nxd7 Nbxd7 8. b4
c4 9. Nd2 O-O 10. f4 Re8 11. Be2 b5 12. O-O Nb6 13. Bf3 Na4 14. Qc2 Qd7 15. Re1
Nb6 16. Nf1 Qc7 17. Ng3 g6 18. Bd2 h5 19. h4 Rad8 20. Rad1 Kg7 21. Qc1 Qe7 22.
e4 dxe4 23. Nxe4 Nxe4 24. Bxe4 Qxh4 25. Bc6 Re7 26. Bxb5 Nd5 27. Rf1 Rb8 28.
Bxc4 Nf6 29. Rf3 Ng4 30. Rh3 Qf6 31. Be2 Qf5 32. Bxg4 Qxg4 33. c4 Qf5 34. c5
Bc7 35. Rf3 Rc8 36. Bc3 1-0

[Event "Scarborough CC Falling Leaves U1700"]
[Site "Toronto CAN"]
[Date "2010.12.09"]
[Round "7"]
[White "Veecock, Carl"]
[Black "Graham, John"]
[Result "1-0"]
[WhiteElo "1397"]
[BlackElo "1485"]
[PlyCount "120"]
[EventDate "2010.10.28"]
[EventType "swiss"]
[EventRounds "7"]
[EventCountry "CAN"]

1. Nf3 c5 2. g3 Nc6 3. Bg2 Nf6 4. O-O e6 5. d4 d5 6. dxc5 Bxc5 7. Bg5 O-O 8. c3
b6 9. Nbd2 Bb7 10. Nb3 Be7 11. Bxf6 Bxf6 12. Nfd4 Rc8 13. Nxc6 Bxc6 14. Re1 Qd7
15. Nd4 Bxd4 16. Qxd4 Bb7 17. e4 Rc4 18. Qd1 Rd8 19. exd5 Bxd5 20. Bxd5 Qxd5
21. Qxd5 Rxd5 22. Red1 Rcc5 23. Rac1 a5 24. Rxd5 Rxd5 25. Rc2 Kf8 26. c4 Rd7
27. a4 Rc7 28. b3 Ke7 29. Rd2 Rd7 30. Rxd7+ Kxd7 31. Kf1 Kc6 32. Ke2 Kc5 33.
Kd3 Kb4 34. Kc2 h6 35. Kb2 f6 36. Kc2 g6 37. Kb2 h5 38. Kc2 g5 39. Kb2 f5 40.
Kc2 e5 41. Kb2 h4 42. Kc2 hxg3 43. hxg3 g4 44. Kb2 f4 45. Kc2 fxg3 46. fxg3 e4
47. Kb2 e3 48. Kc2 e2 49. Kd2 e1=Q+ 50. Kxe1 Kxb3 51. Kd2 Kxc4 52. Ke3 Kb4 53.
Kf4 Kxa4 54. Kxg4 Kb5 55. Kf5 a4 56. g4 a3 57. g5 a2 58. g6 a1=Q 59. Kg5 Qg7
60. Kf5 Kc5 1-0

[Event "Scarborough CC Falling Leaves U1700"]
[Site "Toronto CAN"]
[Date "2010.12.09"]
[Round "7"]
[White "Vyravanathan, Sobiga"]
[Black "Rodriguez, Sergio"]
[Result "1-0"]
[WhiteElo "1280"]
[BlackElo "847"]
[PlyCount "105"]
[EventDate "2010.10.28"]
[EventType "swiss"]
[EventRounds "7"]
[EventCountry "CAN"]

1. e4 e5 2. Nf3 Nc6 3. Bb5 Bc5 4. O-O d6 5. h3 Nf6 6. Re1 Bd7 7. c3 a6 8. Ba4
b5 9. Bb3 O-O 10. d4 exd4 11. cxd4 Bb4 12. Nc3 h6 13. a3 Bxc3 14. bxc3 a5 15.
Bf4 Qe7 16. e5 Nh5 17. exd6 Qf6 18. Bh2 cxd6 19. Nd2 Qg6 20. Bc2 Bf5 21. Bxf5
Qxf5 22. Bxd6 Rfe8 23. Qf3 Qg6 24. Rxe8+ Rxe8 25. Qxc6 Re6 26. Qa8+ Kh7 27. Bh2
Re2 28. Nb3 Qf5 29. Qf3 Qc2 30. Nc5 Qb2 31. Rf1 Rc2 32. Qxh5 g6 33. Qf3 Kg8 34.
Be5 g5 35. Qf6 Kf8 36. Qxh6+ Ke8 37. Qh8+ Ke7 38. Qf6+ Kf8 39. Bd6+ Kg8 40.
Qxg5+ Kh7 41. Be5 f6 42. Bxf6 Rxf2 43. Rxf2 Qb1+ 44. Rf1 Qg6 45. Qxg6+ Kxg6 46.
Be5 b4 47. axb4 a4 48. d5 a3 49. d6 a2 50. d7 Kh7 51. d8=Q Kg6 52. Qf6+ Kh5 53.
Rf5# 1-0

[Event "Scarborough CC Falling Leaves U1700"]
[Site "Toronto CAN"]
[Date "2010.12.09"]
[Round "7"]
[White "Yie, Kevin"]
[Black "Stroempl, Hedi"]
[Result "1-0"]
[WhiteElo "1263"]
[BlackElo "1040"]
[PlyCount "61"]
[EventDate "2010.10.28"]
[EventType "swiss"]
[EventRounds "7"]
[EventCountry "CAN"]

1. e4 e5 2. Nf3 Nc6 3. Bc4 Nf6 4. Ng5 d5 5. exd5 Nxd5 6. d4 h6 7. dxe5 Nxe5 8.
Qxd5 Qxd5 9. Bxd5 hxg5 10. Bxg5 Bf5 11. c3 f6 12. Be3 c6 13. Bb3 a6 14. Ke2
O-O-O 15. Rd1 Bd6 16. h3 Rhe8 17. Kf1 Bc7 18. Na3 Nd3 19. Bc2 g6 20. Rab1 Nxb2
21. Bxf5+ gxf5 22. Rxd8+ Kxd8 23. Rxb2 Kc8 24. Ke2 Rg8 25. Kf3 Rd8 26. Rd2 Re8
27. Nc4 Rh8 28. Bf4 b5 29. Bxc7 bxc4 30. Bd8 Rh5 31. Bxf6 1-0

[Event "Scarborough CC Falling Leaves U1700"]
[Site "Toronto CAN"]
[Date "2010.12.09"]
[Round "7"]
[White "Zhang, John"]
[Black "Azizzi, Hamid"]
[Result "1-0"]
[WhiteElo "1557"]
[BlackElo "1441"]
[PlyCount "103"]
[EventDate "2010.10.28"]
[EventType "swiss"]
[EventRounds "7"]
[EventCountry "CAN"]

1. e4 c5 2. Na3 a6 3. c3 Nc6 4. f4 e6 5. Nf3 b5 6. d4 cxd4 7. cxd4 Bxa3 8. bxa3
Qa5+ 9. Qd2 Qxd2+ 10. Bxd2 Nf6 11. Bd3 d5 12. exd5 Nxd5 13. O-O O-O 14. Rac1
Bb7 15. f5 Rad8 16. fxe6 fxe6 17. Rce1 Nf4 18. Bxf4 Rxf4 19. Ng5 Rxf1+ 20. Rxf1
Nxd4 21. Bxh7+ Kh8 22. Nf7+ Kxh7 23. Nxd8 Bd5 24. Rf2 e5 25. Nf7 Nc6 26. Nxe5
Nxe5 27. Rf5 Bxa2 28. Rxe5 Bc4 29. Re7 a5 30. Kf2 Kg6 31. Ke3 Kf6 32. Ra7 a4
33. Kd4 g5 34. Rxa4 Bf1 35. Ra6+ Kf5 36. g3 Kg4 37. Rh6 Bc4 38. Rc6 Bf1 39. Kc5
Kh3 40. Rh6+ Kg4 41. Rb6 Kh3 42. Rxb5 Kxh2 43. Rb3 g4 44. a4 Bg2 45. a5 Bf3 46.
a6 Kxg3 47. a7 Kh2 48. Rxf3 gxf3 49. a8=Q f2 50. Qf3 Kg1 51. Qg3+ Kh1 52. Qxf2
1-0

[Event "Scarborough CC Falling Leaves U2000"]
[Site "Toronto CAN"]
[Date "2010.10.28"]
[Round "1"]
[White "Bao, Stephen"]
[Black "Yusuf, Magas"]
[Result "1/2-1/2"]
[WhiteElo "1756"]
[BlackElo "1858"]
[PlyCount "146"]
[EventDate "2010.10.28"]
[EventType "swiss"]
[EventRounds "7"]
[EventCountry "CAN"]

1. e4 e5 2. Nf3 Nf6 3. Nxe5 d6 4. Nf3 Nxe4 5. d4 d5 6. Bd3 Nc6 7. O-O Be7 8. c4
Nb4 9. Be2 O-O 10. Nc3 Bf5 11. a3 Nxc3 12. bxc3 Nc6 13. cxd5 Qxd5 14. Bf4 Rac8
15. c4 Qe4 16. Bg3 Bf6 17. Ra2 Nxd4 18. Nxd4 Qxd4 19. Qb3 Qb6 20. Qxb6 cxb6 21.
Rc1 Rfe8 22. h3 Re6 23. Bf3 Re7 24. Bd5 Be4 25. Rd1 Bxd5 26. cxd5 Rd7 27. Rad2
Rc3 28. Rd3 Rc5 29. Bb8 Ra5 30. Re1 g6 31. d6 Re5 32. Rxe5 Bxe5 33. Bxa7 Rxd6
34. Rxd6 Bxd6 35. a4 Bc7 36. Kf1 Kf8 37. Ke2 Ke7 38. Kd3 Kd6 39. Kc4 Kc6 40. f3
Bg3 41. Kb4 f6 42. Kc4 h6 43. Kb4 Bd6+ 44. Kc4 h5 45. g4 hxg4 46. hxg4 Bf4 47.
Kb4 Bd6+ 48. Kc4 g5 49. Kd4 Bc5+ 50. Kc4 Kc7 51. Kb5 Bf2 52. a5 Be3 53. axb6+
Kc8 54. Kc4 Kd7 55. Kd5 Bf4 56. Kc5 Ke6 57. Kc4 Bg3 58. Kd4 Bf4 59. Kc4 Bd6 60.
Kd4 f5 61. Kd3 Bf4 62. Kc4 Be5 63. Kc5 Bb2 64. Bb8 fxg4 65. fxg4 Ba3+ 66. Kd4
Bd6 67. Bxd6 Kxd6 68. Ke4 Ke6 69. Kd4 Kd6 70. Ke4 Kc6 71. Kf5 Kxb6 72. Kxg5 Kc5
73. Kh6 b5 1/2-1/2

[Event "Scarborough CC Falling Leaves U2000"]
[Site "Toronto CAN"]
[Date "2010.10.28"]
[Round "1"]
[White "Corvo, Paul"]
[Black "Moraitis, Isaac"]
[Result "1-0"]
[WhiteElo "1902"]
[BlackElo "1282"]
[PlyCount "42"]
[EventDate "2010.10.28"]
[EventType "swiss"]
[EventRounds "7"]
[EventCountry "CAN"]

1. e4 e5 2. Nf3 d6 3. d4 Bg4 4. dxe5 Bxf3 5. Qxf3 dxe5 6. Bc4 Nf6 7. Bg5 Be7 8.
Nd2 Nc6 9. c3 O-O 10. O-O-O Qe8 11. Nf1 Na5 12. Bd3 Qa4 13. Kb1 Rfd8 14. Ne3
Rd6 15. Nf5 Re6 16. Nxe7+ Rxe7 17. Bxf6 gxf6 18. Qxf6 Re6 19. Qf5 Nc4 20. b3
Rb6 21. Bxc4 Qxc4 1-0

[Event "Scarborough CC Falling Leaves U2000"]
[Site "Toronto CAN"]
[Date "2010.10.28"]
[Round "1"]
[White "Gaffney, Kevin"]
[Black "Ward, Dean"]
[Result "1-0"]
[WhiteElo "1662"]
[BlackElo "1832"]
[PlyCount "37"]
[EventDate "2010.10.28"]
[EventType "swiss"]
[EventRounds "7"]
[EventCountry "CAN"]

1. e4 c5 2. c3 d5 3. exd5 Qxd5 4. d4 Nf6 5. Nf3 cxd4 6. cxd4 Bg4 7. Be2 Nc6 8.
O-O e6 9. Nc3 Qa5 10. Bf4 a6 11. Qb3 b5 12. Rad1 Qb4 13. Qc2 Bxf3 14. Bxf3 Nxd4
15. Rxd4 Qxd4 16. Be3 Qd8 17. Bc6+ Nd7 18. Rd1 Rc8 19. Bxd7+ 1-0

[Event "Scarborough CC Falling Leaves U2000"]
[Site "Toronto CAN"]
[Date "2010.10.28"]
[Round "1"]
[White "Gillis, Doug"]
[Black "Triefeldt, Jack"]
[Result "1/2-1/2"]
[WhiteElo "1675"]
[BlackElo "1784"]
[PlyCount "43"]
[EventDate "2010.10.28"]
[EventType "swiss"]
[EventRounds "7"]
[EventCountry "CAN"]

1. d4 f5 2. Nc3 Nf6 3. Bg5 e6 4. e4 fxe4 5. Nxe4 Be7 6. Nxf6+ Bxf6 7. Bxf6 Qxf6
8. Bd3 O-O 9. Nf3 Nc6 10. O-O b6 11. c4 Bb7 12. d5 exd5 13. cxd5 Ne5 14. Nxe5
Qxe5 15. Bc4 d6 16. Qd2 Rae8 17. Rae1 Qf6 18. Re6 Qf7 19. Rfe1 Bc8 20. Rxe8
Rxe8 21. Rxe8+ Qxe8 22. Qe2 1/2-1/2

[Event "Scarborough CC Falling Leaves U2000"]
[Site "Toronto CAN"]
[Date "2010.10.28"]
[Round "1"]
[White "Huston, Scott"]
[Black "Posaratnanathan, Juliaan"]
[Result "1-0"]
[WhiteElo "1719"]
[BlackElo "1867"]
[PlyCount "101"]
[EventDate "2010.10.28"]
[EventType "swiss"]
[EventRounds "7"]
[EventCountry "CAN"]

1. d4 Nf6 2. c4 e6 3. Nf3 b6 4. Nc3 Bb4 5. Bd2 O-O 6. a3 Bxc3 7. Bxc3 Ba6 8. b3
d5 9. e3 Nbd7 10. Bd3 Bb7 11. O-O Rc8 12. Ne5 c5 13. Nxd7 Nxd7 14. Rc1 cxd4 15.
Bxd4 e5 16. Bb2 e4 17. Bb1 dxc4 18. bxc4 Nc5 19. Qg4 g6 20. Qf4 Qe7 21. Bf6 Qe6
22. Rfd1 Rc6 23. Bc3 Nd3 24. Bxd3 exd3 25. Rxd3 Rxc4 26. Qh6 f6 27. Rcd1 Rc7
28. Rd8 Qe7 29. R8d3 Be4 30. Bb4 Qf7 31. Rd8 Re8 32. h3 Bc6 33. Qf4 Rd7 34.
R8xd7 Bxd7 35. Qd6 Be6 36. Rc1 Qd7 37. Qxd7 Bxd7 38. Rc7 a5 39. Bxa5 bxa5 40.
Rxd7 Ra8 41. Kf1 Kh8 42. Ke2 Kg8 43. a4 h6 44. Kd3 Kh8 45. Kd4 Kg8 46. Kd5 Kh8
47. Ke6 Ra6+ 48. Rd6 Ra7 49. Kxf6 Kh7 50. Re6 g5 51. Re7+ 1-0